| 000 | 00674cam a2200217 4500 | ||
|---|---|---|---|
| 001 | B2734 | ||
| 008 | 090401t1989 xxu||||| |||| 00| 0 eng d | ||
| 035 | _a(Sirsi) u51767 | ||
| 041 | _aeng | ||
| 050 | _a692.8 | ||
| 110 |
_aJoint Contracts Tribunal _93664 |
||
| 245 | _aStandard form of building contract 1980 edition ... amendment 8 and guidance note ... amendments to VAT provisions | ||
| 260 |
_aLondon _bRIBA Publications Ltd _c1989 |
||
| 300 | _a12p. ; 30cm. | ||
| 350 | _a0.5 | ||
| 520 | _aCopies of original contracts filed at JCT 1980/2-7. | ||
| 650 | _aJCT STANDARD FORM OF CONTRACT 1980 | ||
| 650 | _aVALUE ADDED TAX | ||
| 942 | _n0 | ||
| 948 | _c04/03/1997 | ||
| 999 |
_c92951 _d92951 |
||